| 000 | 00629cam a22002291 4500 | ||
|---|---|---|---|
| 001 | af 47003269 | ||
| 003 | DLC | ||
| 005 | 20260227110819.0 | ||
| 008 | 880825s1945 it 000 0 ita | ||
| 010 | _aaf 47003269 | ||
| 035 | _a(OCoLC)18401911 | ||
| 040 |
_aDLC _cOrPS _dDLC |
||
| 042 | _apremarc | ||
| 043 | _ae-it--- | ||
| 050 | 0 | 0 |
_aDG571 _b.M25 |
| 100 | 1 | _aMalacoda, Secondo. | |
| 245 | 1 | 0 | _aPopolo, fascismo, monarchia. |
| 260 |
_aRoma _b[Edizioni della Bussola] _c1945. |
||
| 300 |
_a1 p.l., 5-187 p., 1 l. _c18 cm. |
||
| 651 | 0 |
_aItaly _xPolitics and government _y1922-1945. |
|
| 650 | 0 |
_aWorld War, 1939-1945 _zItaly. |
|
| 999 |
_c2100 _d2100 |
||